[Event "Tournoi francophone 016 Groupe D"]
[Site "Skype"]
[Date "????.??.??"]
[Round "1.1"]
[White "Duthoit, Bernard"]
[Black "Vasquez Cienfuegos, Oscar"]
[Result "0-1"]
[WhiteElo "1338"]
[BlackElo "1392"]
[PlyCount "126"]

1. e4 c6 2. d4 d5 3. exd5 cxd5 4. Nf3 Bf5 5. Bd3 Bxd3 6. Qxd3 Nc6 7. c3 Nf6 8.
Bg5 e6 9. Ne5 Bd6 10. Nxc6 bxc6 11. Nd2 Be7 12. Nf3 h6 13. Bh4 O-O 14. O-O Rb8
15. b3 Qc7 16. Ne5 Rbc8 17. Bg3 Bd6 18. f4 Ne4 19. Rf3 c5 20. c4 Qb7 21. Bf2
Nxf2 22. Rxf2 cxd4 23. Nf3 Bxf4 24. Nxd4 dxc4 25. bxc4 Be5 26. Rb1 Qc7 27. Nf3
Rfd8 28. Qe4 Bf6 29. Rc2 Rb8 30. Rxb8 Qxb8 31. h3 Rd1+ 32. Kf2 Qb1 33. Nd2 Qb6+
34. Kf3 Qd8 35. Qe2 Qa8+ 36. Kg4 Rg1 37. Nf3 Rb1 38. c5 Qb8 39. c6 Bd8 40. Ne5
Rb5 41. c7 Bxc7 42. Rxc7 Rb4+ 43. Rc4 Rxc4+ 44. Nxc4 Qb5 45. Kf3 Qf5+ 46. Kg3
Qg6+ 47. Qg4 Qd3+ 48. Kh2 g5 49. Ne5 Qd6 50. Qg3 Qd5 51. h4 f6 52. Nf3 Qxa2 53.
hxg5 hxg5 54. Nd4 a5 55. Qe3 Kf7 56. Kh3 Qd5 57. g3 a4 58. Qd3 f5 59. Qd1 Kg6
60. Kh2 a3 61. Qa4 Kf6 62. Nc2 a2 63. Qa3 Qd2+ 0-1

[Event "Tournoi francophone 016 Groupe D"]
[Site "Skype"]
[Date "????.??.??"]
[Round "1.2"]
[White "L'Herbon De Lussats, Jean"]
[Black "Briere, Jean"]
[Result "0-1"]
[WhiteElo "1256"]
[BlackElo "1314"]
[PlyCount "128"]

1. d4 d5 2. c4 e6 3. cxd5 exd5 4. Nf3 c6 5. g3 Nf6 6. Bg2 Bf5 7. Nc3 Bd6 8. O-O
O-O 9. Re1 h6 10. Nh4 Bh7 11. e4 dxe4 12. Nxe4 Bxe4 13. Bxe4 Nxe4 14. Rxe4 Re8
15. Qg4 Rxe4 16. Qxe4 Nd7 17. Bf4 Nf6 18. Qf3 Bxf4 19. Qxf4 g5 20. Qe3 gxh4 21.
gxh4 Qf8 22. Qg3+ Qg7 23. Kh1 Ne4 24. Qg2 Qxg2+ 25. Kxg2 Rd8 26. Rd1 Nc5 27.
Kf3 Na4 28. Rd2 Nc5 29. Ke3 Ne6 30. f4 f5 31. h5 Rd5 32. h4 Kf7 33. b3 a5 34.
a4 Ke7 35. Rd3 Kd6 36. Rd2 c5 37. dxc5+ Nxc5 38. Rg2 Rd3+ 39. Ke2 Rxb3 40. Rg6+
Kd5 41. Rxh6 Rh3 42. Rf6 Rxh4 43. Rxf5+ Kd4 44. Kf3 b6 45. Kg3 Rh1 46. Kg2 Ke4
47. Rf6 Rxh5 48. Rxb6 Nxa4 49. Rf6 Rf5 50. Re6+ Kxf4 51. Kf2 Nc5 52. Rb6 Ke4+
53. Ke2 Kd4 54. Kd2 Kc4 55. Kc2 Nd3 56. Rb8 Rb5 57. Rc8+ Nc5 58. Rh8 a4 59.
Rh4+ Kd5 60. Kc3 Rb3+ 61. Kc2 a3 62. Ra4 Rb2+ 63. Kc1 Nxa4 64. Kd1 a2 0-1

[Event "Tournoi francophone 016 Groupe D"]
[Site "Skype"]
[Date "????.??.??"]
[Round "1.3"]
[White "Vello, Pablo"]
[Black "Bucherie, Volcy"]
[Result "1-0"]
[WhiteElo "1135"]
[BlackElo "1274"]
[PlyCount "91"]

1. d4 d6 2. Nc3 Nf6 3. Bf4 c5 4. e3 cxd4 5. exd4 e5 6. dxe5 dxe5 7. Qxd8+ Kxd8
8. Bxe5 Be7 9. O-O-O+ Bd7 10. Bb5 a6 11. Bxd7 Nbxd7 12. Nf3 Ng4 13. Bg3 h6 14.
h3 Bg5+ 15. Nxg5 hxg5 16. hxg4 Rxh1 17. Rxh1 g6 18. Rh8+ Ke7 19. Rxa8 Nb6 20.
Rb8 Ke6 21. Rxb7 Nc4 22. Ne4 f5 23. Nxg5+ Kf6 24. Bh4 fxg4 25. Rf7+ Ke5 26.
Bg3+ Kd4 27. Rd7+ Kc5 28. Ne6+ Kc6 29. Rc7+ Kd5 30. Rc5+ Kxe6 31. Rxc4 Kd5 32.
Rxg4 a5 33. Kd2 Kc5 34. Kd3 Kd5 35. c4+ Kc5 36. a3 a4 37. Rg5+ Kc6 38. Kd4 Kd7
39. Kd5 Ke7 40. c5 Kd7 41. c6+ Kc8 42. c7 Kd7 43. Rxg6 Kc8 44. Rg8+ Kd7 45.
c8=Q+ Ke7 46. Qe6# 1-0

[Event "Tournoi francophone 016 Groupe D"]
[Site "Skype"]
[Date "????.??.??"]
[Round "1.4"]
[White "Scata, Laura"]
[Black "Guillaume, Mickael"]
[Result "0-1"]
[WhiteElo "1366"]
[BlackElo "1106"]
[PlyCount "98"]

1. d4 d5 2. Nf3 Nf6 3. e3 e6 4. Bd3 c5 5. b3 Bd6 6. Bb2 Bd7 7. Nbd2 b5 8. Qe2
c4 9. bxc4 bxc4 10. Bxc4 dxc4 11. Nxc4 Bb5 12. Nxd6+ Qxd6 13. Qxb5+ Nbd7 14.
Qd3 Qb4+ 15. Bc3 Qa3 16. O-O O-O 17. Rfb1 Rfc8 18. Rb3 Qa4 19. Nd2 Qc6 20. Nb1
Nd5 21. a4 N7f6 22. Qb5 Qc7 23. Qb7 Qxb7 24. Rxb7 Nxc3 25. Nd2 Nfd5 26. Kf1
Rcb8 27. Rb3 Rxb3 28. cxb3 Rc8 29. f3 Nxe3+ 30. Kf2 Nf5 31. Ne4 Nxd4 32. Nd6
Nxb3 33. Re1 Rc6 34. Nf5 Kf8 35. Ne3 Nxa4 36. Rb1 Rb6 37. Rd1 Ke7 38. Nc4 Rb7
39. Ne5 Nac5 40. Nc6+ Kf6 41. Rd8 a5 42. Rh8 h6 43. Nd8 Rb8 44. Rf8 Ke7 45.
Nc6+ Kxf8 46. Nxb8 a4 47. Nc6 Nd3+ 48. Ke2 a3 49. Kxd3 a2 0-1

[Event "Tournoi francophone 016 Groupe D"]
[Site "Skype"]
[Date "????.??.??"]
[Round "1.5"]
[White "De Coninck, Philippe"]
[Black "Farfallini, Michel"]
[Result "1-0"]
[WhiteElo "1173"]
[BlackElo "1446"]
[PlyCount "49"]

1. d4 d5 2. Bf4 Nf6 3. Nf3 g6 4. e3 Bg7 5. Nbd2 O-O 6. Bd3 Nc6 7. c3 Re8 8. Qc2
Bg4 9. h3 Bxf3 10. Nxf3 Nh5 11. Bh2 e5 12. dxe5 Nxe5 13. Bxe5 Bxe5 14. g4 Nf6
15. g5 Nh5 16. Be2 Bd6 17. h4 c5 18. Nh2 d4 19. Bxh5 Bxh2 20. Rxh2 d3 21. Qd2
c4 22. Bf3 a6 23. h5 Qc7 24. Rh4 Qg3 25. fxg3 1-0

[Event "Tournoi francophone 016 Groupe D"]
[Site "Skype"]
[Date "????.??.??"]
[Round "2.1"]
[White "Vasquez Cienfuegos, Oscar"]
[Black "Farfallini, Michel"]
[Result "1-0"]
[WhiteElo "1392"]
[BlackElo "1446"]
[PlyCount "45"]

1. Nf3 d5 2. c4 Nc6 3. cxd5 Qxd5 4. Nc3 Qd7 5. g3 b6 6. Bg2 Bb7 7. O-O O-O-O 8.
e3 e5 9. a3 a5 10. Qc2 Kb8 11. Rd1 Be7 12. d4 exd4 13. Nxd4 Nxd4 14. Rxd4 Qc8
15. Bd2 Rxd4 16. exd4 Bxg2 17. Kxg2 Qb7+ 18. Kg1 Nf6 19. Nb5 Nd5 20. Qc4 Rd8
21. b4 Nxb4 22. axb4 Bf6 23. bxa5 1-0

[Event "Tournoi francophone 016 Groupe D"]
[Site "Skype"]
[Date "????.??.??"]
[Round "2.2"]
[White "Guillaume, Mickael"]
[Black "De Coninck, Philippe"]
[Result "1-0"]
[WhiteElo "1106"]
[BlackElo "1173"]
[PlyCount "45"]

1. d4 e5 2. dxe5 Nc6 3. Nf3 Qe7 4. Bf4 Qb4+ 5. Bd2 Qxb2 6. Nc3 Nb4 7. Rc1 c6 8.
a4 Ne7 9. g3 Ng6 10. Bg2 d5 11. exd6 Bxd6 12. Ne4 Be5 13. Nxe5 Nxe5 14. Bc3 Qa3
15. Bxe5 f6 16. Ra1 Na2 17. Nd6+ Ke7 18. Nc4 Qxa4 19. Qd6+ Ke8 20. Rd1 Bf5 21.
Ne3 Bxc2 22. Qe6+ Kf8 23. Bd6# 1-0

[Event "Tournoi francophone 016 Groupe D"]
[Site "Skype"]
[Date "????.??.??"]
[Round "2.3"]
[White "Bucherie, Volcy"]
[Black "Scata, Laura"]
[Result "0-1"]
[WhiteElo "1274"]
[BlackElo "1366"]
[PlyCount "110"]

1. d4 c6 2. c4 d5 3. cxd5 cxd5 4. Nc3 Nf6 5. e4 dxe4 6. g3 Bf5 7. Bg2 e6 8.
Nge2 Nc6 9. O-O Bb4 10. Bf4 O-O 11. Be5 Ng4 12. Nxe4 Ngxe5 13. dxe5 Qxd1 14.
Rfxd1 Bg4 15. f3 Bh5 16. a3 Ba5 17. b4 Bc7 18. Nf4 Bg6 19. Nxg6 hxg6 20. Nd6
Nxe5 21. Nxb7 Rab8 22. f4 Ng4 23. h3 Bb6+ 24. Nc5 Ne3 25. Rd7 Nxg2 26. Kxg2
Rfd8 27. Rad1 Kf8 28. Kf3 Ke8 29. Ke4 Bxc5 30. Rxd8+ Rxd8 31. Rxd8+ Kxd8 32.
bxc5 Kd7 33. Kd4 Kc6 34. a4 a6 35. h4 f6 36. g4 Kc7 37. Kc4 Kc6 38. Kb4 Kd5 39.
h5 gxh5 40. gxh5 e5 41. fxe5 fxe5 42. c6 Kxc6 43. Kc4 Kd6 44. a5 Ke6 45. Kc5 e4
46. Kb6 e3 47. Kxa6 e2 48. Kb7 e1=Q 49. a6 Qb4+ 50. Kc6 Qa4+ 51. Kb6 Kf6 52. a7
Kg5 53. Kb7 Kxh5 54. a8=Q Qxa8+ 55. Kxa8 g5 0-1

[Event "Tournoi francophone 016 Groupe D"]
[Site "Skype"]
[Date "????.??.??"]
[Round "2.4"]
[White "Briere, Jean"]
[Black "Vello, Pablo"]
[Result "0-1"]
[WhiteElo "1314"]
[BlackElo "1135"]
[PlyCount "94"]

1. e4 e6 2. d4 d5 3. e5 c5 4. c3 Qb6 5. Nf3 Nc6 6. Qb3 Qxb3 7. axb3 Nge7 8.
dxc5 Ng6 9. Be3 Ngxe5 10. Nxe5 Nxe5 11. b4 Be7 12. Nd2 O-O 13. Nb3 Bd7 14. Be2
Bc6 15. Nd4 Bd7 16. O-O a6 17. f4 Nc6 18. f5 Nxd4 19. cxd4 exf5 20. Bd3 Rfe8
21. Bxf5 Bxf5 22. Rxf5 Bxc5 23. bxc5 Rxe3 24. Rxd5 Rae8 25. Kf1 Rb3 26. Rb1 Kf8
27. Rd7 g6 28. d5 Rc8 29. d6 Rxc5 30. Rc7 Rf5+ 31. Kg1 Ke8 32. d7+ Kd8 33. Rbc1
Rxb2 34. g4 Rff2 35. Rc8+ Kxd7 36. R8c7+ Kd6 37. Rxb7 Rxh2 38. Rd1+ Ke6 39.
Re1+ Kd5 40. Rd7+ Kc4 41. Rc1+ Kb3 42. Rd3+ Ka2 43. Rg3 Rhc2 44. Rxc2 Rxc2 45.
Rd3 Rc4 46. Rd5 Rxg4+ 47. Kf2 Ra4 0-1

[Event "Tournoi francophone 016 Groupe D"]
[Site "Skype"]
[Date "????.??.??"]
[Round "2.5"]
[White "Duthoit, Bernard"]
[Black "L'Herbon De Lussats, Jean"]
[Result "1-0"]
[WhiteElo "1338"]
[BlackElo "1256"]
[PlyCount "91"]

1. e4 c5 2. c3 e5 3. Nf3 d6 4. d4 Nc6 5. d5 Na5 6. Nbd2 Nf6 7. Bb5+ Bd7 8. Qa4
Be7 9. Bxd7+ Nxd7 10. Nb3 b6 11. Nxa5 bxa5 12. O-O O-O 13. Nd2 Rb8 14. Nc4 Rb5
15. Qxb5 Qc7 16. Qxa5 Qb7 17. Qa4 Qa8 18. Na5 Nf6 19. Bg5 h6 20. Bxf6 Bxf6 21.
Nc6 Bg5 22. Qxa7 Qe8 23. b4 f5 24. bxc5 Qh5 25. Ne7+ Kh7 26. Nxf5 Rf7 27. Qb6
Bf4 28. Ng3 Qh4 29. Qxd6 Rf6 30. Qe7 Qg4 31. Rab1 h5 32. Rb7 Rg6 33. c6 h4 34.
Qd7 Qg5 35. Qf5 hxg3 36. Qxg5 gxh2+ 37. Kh1 Rxg5 38. g3 Bd2 39. c7 Rg4 40. c8=Q
Rxe4 41. Qf5+ Kh6 42. Qxe4 g5 43. Rb6+ Kh5 44. Kxh2 Bxc3 45. Kh3 Bd4 46. Qg6#
1-0

[Event "Tournoi francophone 016 Groupe D"]
[Site "Skype"]
[Date "????.??.??"]
[Round "3.1"]
[White "L'Herbon De Lussats, Jean"]
[Black "Vasquez Cienfuegos, Oscar"]
[Result "1-0"]
[WhiteElo "1256"]
[BlackElo "1392"]
[PlyCount "59"]

1. d4 Nf6 2. c4 d5 3. cxd5 Qxd5 4. Nc3 Qa5 5. Nf3 c6 6. g3 Bf5 7. Bg2 e6 8. O-O
Be7 9. Re1 Nbd7 10. e4 Bg4 11. Qc2 O-O-O 12. Bf4 Bxf3 13. Bxf3 h5 14. h4 Ng4
15. d5 Nde5 16. Bg2 Qb6 17. Na4 Qa6 18. b3 f6 19. Rad1 g5 20. hxg5 fxg5 21.
Bxe5 Nxe5 22. Nc5 Bxc5 23. Qxc5 h4 24. dxe6 Ng4 25. Rxd8+ Rxd8 26. Qxg5 Nxf2
27. Kxf2 Qxa2+ 28. Kg1 Qxb3 29. Qxh4 Qxe6 30. Bh3 1-0

[Event "Tournoi francophone 016 Groupe D"]
[Site "Skype"]
[Date "????.??.??"]
[Round "3.2"]
[White "Vello, Pablo"]
[Black "Duthoit, Bernard"]
[Result "1-0"]
[WhiteElo "1135"]
[BlackElo "1338"]
[PlyCount "67"]

1. d4 e5 2. c3 exd4 3. cxd4 Nf6 4. Nc3 Bb4 5. f3 O-O 6. e3 Nd5 7. Nge2 Re8 8.
e4 Nxc3 9. bxc3 Ba5 10. Bd2 a6 11. Nf4 d6 12. Bc4 Nd7 13. Qb3 Qf6 14. Nd5 Qg6
15. O-O Nf6 16. Nf4 Qg5 17. Bxf7+ Kf8 18. Bxe8 Nxe8 19. Rad1 Qf6 20. Nd5 Qg6
21. Qa4 Bb6 22. Nf4 Qf7 23. Qb3 Qxb3 24. axb3 c5 25. Nd5 Ba7 26. dxc5 dxc5 27.
Kh1 Be6 28. Bf4 Rd8 29. c4 h6 30. Nc7 Rxd1 31. Rxd1 Bb6 32. Nxe6+ Kf7 33. Nd8+
Bxd8 34. Rxd8 1-0

[Event "Tournoi francophone 016 Groupe D"]
[Site "Skype"]
[Date "????.??.??"]
[Round "3.3"]
[White "Scata, Laura"]
[Black "Briere, Jean"]
[Result "1/2-1/2"]
[WhiteElo "1366"]
[BlackElo "1314"]
[PlyCount "49"]

1. d4 d5 2. Bf4 Bf5 3. e3 e6 4. Bd3 Bg6 5. Nf3 Bd6 6. Ne5 Bxe5 7. Bxe5 f6 8.
Bg3 Nc6 9. c3 Nge7 10. Bxg6+ Nxg6 11. Qg4 Qe7 12. Nd2 e5 13. O-O O-O 14. Rac1
f5 15. Qe2 f4 16. exf4 exf4 17. Qf3 fxg3 18. Qxd5+ Qf7 19. Qxf7+ Rxf7 20. hxg3
Nge7 21. Nf3 h6 22. Ne5 Nxe5 23. dxe5 g5 24. f4 gxf4 25. gxf4 1/2-1/2

[Event "Tournoi francophone 016 Groupe D"]
[Site "Skype"]
[Date "????.??.??"]
[Round "3.4"]
[White "De Coninck, Philippe"]
[Black "Bucherie, Volcy"]
[Result "1/2-1/2"]
[WhiteElo "1173"]
[BlackElo "1274"]
[PlyCount "120"]

1. e4 d5 2. exd5 Nf6 3. d4 Nxd5 4. Nf3 Bg4 5. Be2 Nc6 6. c3 Qd6 7. Nbd2 O-O-O
8. Ng5 Qf4 9. Nxf7 Bxe2 10. Qxe2 Qxf7 11. O-O e6 12. Ne4 Nf6 13. Ng5 Qd7 14.
Qxe6 Qxe6 15. Nxe6 Re8 16. Re1 Bd6 17. Bg5 Ng4 18. g3 Kd7 19. Nxg7 Rxe1+ 20.
Rxe1 Rf8 21. f4 Rf7 22. Ne6 h6 23. Bh4 Ne7 24. Bxe7 Bxe7 25. h3 Ne5 26. Rxe5
Bf6 27. Re4 Kd6 28. Kf2 Kd5 29. Ke3 b6 30. b3 c5 31. c4+ Kd6 32. d5 a6 33. a4
Rb7 34. f5 b5 35. cxb5 axb5 36. axb5 Rxb5 37. Rc4 Rxb3+ 38. Kf4 Rb4 39. Rxb4
cxb4 40. Ke4 b3 41. Kd3 b2 42. Kc2 Kxd5 43. g4 Ke4 44. Nc5+ Kf4 45. Nd3+ Kg3
46. Nxb2 Kxh3 47. Nd1 Kxg4 48. Ne3+ Kf4 49. Kd2 h5 50. Ke2 Kg3 51. Nf1+ Kg2 52.
Ne3+ Kg1 53. Kf3 h4 54. Ng4 h3 55. Kg3 h2 56. Nxh2 Be5+ 57. Kg4 Kxh2 58. Kg5
Kh3 59. Kg6 Kg4 60. f6 Bxf6 1/2-1/2

[Event "Tournoi francophone 016 Groupe D"]
[Site "Skype"]
[Date "????.??.??"]
[Round "3.5"]
[White "Farfallini, Michel"]
[Black "Guillaume, Mickael"]
[Result "0-1"]
[WhiteElo "1446"]
[BlackElo "1106"]
[PlyCount "64"]

1. e4 e5 2. Nf3 Nc6 3. d4 exd4 4. c3 dxc3 5. Nxc3 Bc5 6. Bc4 d6 7. Ng5 Ne5 8.
Bb3 Qf6 9. O-O Be6 10. Nxe6 fxe6 11. Be3 O-O-O 12. Bxc5 dxc5 13. Qc2 Ne7 14.
Nb5 N5c6 15. Qxc5 Kb8 16. Qa3 Rd2 17. Rab1 Qg6 18. Rfd1 Rhd8 19. Bc2 Rxd1+ 20.
Rxd1 Rxd1+ 21. Bxd1 Qxe4 22. Qc3 Nd5 23. Qd2 Ncb4 24. Kf1 Qc4+ 25. Qe2 Qxe2+
26. Kxe2 Nxa2 27. Kd3 Nab4+ 28. Ke4 Nf4 29. Kxf4 a6 30. Nd4 Nd3+ 31. Kf3 Nxb2
32. Nxe6 Nxd1 0-1

[Event "Tournoi francophone 016 Groupe D"]
[Site "Skype"]
[Date "????.??.??"]
[Round "4.1"]
[White "Vasquez Cienfuegos, Oscar"]
[Black "Guillaume, Mickael"]
[Result "1-0"]
[WhiteElo "1392"]
[BlackElo "1106"]
[PlyCount "69"]

1. Nf3 Nf6 2. c4 d5 3. d4 e6 4. g3 Bb4+ 5. Bd2 Bxd2+ 6. Nbxd2 O-O 7. Bg2 Re8 8.
O-O Nbd7 9. Re1 b6 10. Rc1 c5 11. cxd5 exd5 12. dxc5 bxc5 13. Nb3 c4 14. Nbd4
Ba6 15. Nf5 Nb6 16. b3 Qd7 17. Bh3 Qb7 18. Nd6 Qe7 19. Nxe8 Rxe8 20. Nd4 cxb3
21. axb3 Bb7 22. Bg2 Nbd7 23. Nb5 a6 24. Nc7 Rc8 25. Nxd5 Nxd5 26. Rxc8+ Bxc8
27. Qxd5 Nf6 28. Qa8 Qf8 29. Rc1 Be6 30. Qxf8+ Kxf8 31. b4 Ke7 32. Bc6 Bc8 33.
e3 Kd6 34. Bg2 Kd7 35. Bh3+ 1-0

[Event "Tournoi francophone 016 Groupe D"]
[Site "Skype"]
[Date "????.??.??"]
[Round "4.2"]
[White "Bucherie, Volcy"]
[Black "Farfallini, Michel"]
[Result "0-1"]
[WhiteElo "1274"]
[BlackElo "1446"]
[PlyCount "70"]

1. Nf3 d5 2. c4 Bf5 3. cxd5 Qxd5 4. Nc3 Qa5 5. e4 Bg6 6. Bb5+ c6 7. Ba4 e5 8.
O-O Nf6 9. Qc2 Bd6 10. Nh4 Na6 11. a3 Qd8 12. Nf5 Bxf5 13. exf5 Bc5 14. b4 Bb6
15. b5 Nb8 16. bxc6 Nxc6 17. Bb2 Rc8 18. Nb5 O-O 19. Qb3 a6 20. Nc3 Na5 21. Qc2
Nc4 22. Rad1 Qc7 23. Rfe1 Ng4 24. Ne4 Nxb2 25. Qxb2 Bd4 26. Qa2 Qb6 27. Rb1
Bxf2+ 28. Nxf2 Qxf2+ 29. Kh1 Qf4 30. Kg1 Qxh2+ 31. Kf1 Qf4+ 32. Kg1 Qh2+ 33.
Kf1 Qh1+ 34. Ke2 Qxg2+ 35. Kd3 Rfd8+ 0-1

[Event "Tournoi francophone 016 Groupe D"]
[Site "Skype"]
[Date "????.??.??"]
[Round "4.3"]
[White "Briere, Jean"]
[Black "De Coninck, Philippe"]
[Result "0-1"]
[WhiteElo "1314"]
[BlackElo "1173"]
[PlyCount "68"]

1. e4 e5 2. Nf3 Nc6 3. Bc4 Nd4 4. Nxd4 exd4 5. d3 d6 6. Nd2 Nf6 7. Nf3 Bg4 8.
O-O d5 9. exd5 Nxd5 10. Re1+ Be7 11. Re4 Bxf3 12. Qxf3 Nf6 13. Re1 c6 14. Bd2
O-O 15. a3 Qd7 16. h3 Rad8 17. Bg5 h6 18. Bxf6 Bxf6 19. Re4 Rfe8 20. Rae1 Rxe4
21. Rxe4 Re8 22. Kf1 Rxe4 23. Qxe4 Bg5 24. f4 Bd8 25. f5 b5 26. Ba2 Bg5 27. b4
Bc1 28. a4 bxa4 29. Bc4 Bb2 30. g4 Bc3 31. b5 cxb5 32. Bxb5 Qxb5 33. Qa8+ Kh7
34. Qxa7 Qb1+ 0-1

[Event "Tournoi francophone 016 Groupe D"]
[Site "Skype"]
[Date "????.??.??"]
[Round "4.4"]
[White "Duthoit, Bernard"]
[Black "Scata, Laura"]
[Result "0-1"]
[WhiteElo "1338"]
[BlackElo "1366"]
[PlyCount "86"]

1. e4 c6 2. d4 d5 3. e5 Bf5 4. Bd3 Bxd3 5. Qxd3 e6 6. Nf3 c5 7. Qd1 Nc6 8. c3
Qb6 9. Qb3 Qxb3 10. axb3 cxd4 11. cxd4 Bb4+ 12. Nc3 Ba5 13. O-O Bb6 14. Rd1
Nge7 15. Bg5 Nf5 16. Ne2 h6 17. Bh4 g5 18. g4 Nxh4 19. Nxh4 gxh4 20. f3 Rg8 21.
Kg2 h5 22. Kh3 hxg4+ 23. fxg4 Rh8 24. Rac1 Kd7 25. Rc3 Rh7 26. Rf3 Ke7 27. g5
Rf8 28. Rf4 Rg8 29. Rg1 Rh5 30. Rfg4 Kf8 31. Nf4 Rh7 32. Rf1 Ke7 33. g6 fxg6
34. Nxg6+ Ke8 35. Rf6 Nxd4 36. Rxd4 Bxd4 37. Rxe6+ Kd7 38. Rd6+ Kc8 39. Rxd5
Bxb2 40. Rc5+ Kb8 41. Nxh4 Rc8 42. Rxc8+ Kxc8 43. e6 Bf6 0-1

[Event "Tournoi francophone 016 Groupe D"]
[Site "Skype"]
[Date "????.??.??"]
[Round "4.5"]
[White "L'Herbon De Lussats, Jean"]
[Black "Vello, Pablo"]
[Result "1-0"]
[WhiteElo "1256"]
[BlackElo "1135"]
[PlyCount "81"]

1. d4 Nf6 2. c4 e6 3. g3 d5 4. Bg2 c5 5. Nf3 b6 6. O-O Bb7 7. Bf4 Be7 8. Ne5
Nbd7 9. Nc3 O-O 10. a3 Rc8 11. cxd5 exd5 12. Rc1 Re8 13. Nc4 Ba6 14. Ne3 cxd4
15. Qxd4 Bc5 16. Qa4 d4 17. Qxa6 dxe3 18. f3 Nh5 19. Ne4 Nxf4 20. gxf4 Qc7 21.
Rfd1 Nb8 22. Qd3 Qxf4 23. b4 f5 24. Qd5+ Kh8 25. Ng3 Be7 26. Rxc8 Rxc8 27. Qf7
Qe5 28. Nxf5 Bf8 29. Nd4 Qd6 30. Bh3 Rd8 31. Be6 Be7 32. Rd3 Rf8 33. Nf5 Rxf7
34. Nxd6 Rf6 35. Nf7+ Kg8 36. Ng5+ Kh8 37. Rxe3 Rg6 38. h4 h6 39. Bf7 Rd6 40.
Rxe7 Nc6 41. Re8# 1-0

[Event "Tournoi francophone 016 Groupe D"]
[Site "Skype"]
[Date "????.??.??"]
[Round "5.1"]
[White "Vello, Pablo"]
[Black "Vasquez Cienfuegos, Oscar"]
[Result "0-1"]
[WhiteElo "1135"]
[BlackElo "1392"]
[PlyCount "142"]

1. d4 c6 2. Nc3 b5 3. e4 d5 4. exd5 b4 5. Nce2 Qxd5 6. Nf4 Qa5 7. Bd2 Nf6 8.
Bd3 Bf5 9. Bxf5 Qxf5 10. Nge2 Qb5 11. O-O e6 12. Ng3 Nbd7 13. Re1 Be7 14. Qe2
Qb6 15. Qd3 Rd8 16. h3 O-O 17. Nf5 Rfe8 18. Nxe7+ Rxe7 19. Qc4 Ree8 20. Qxb4
Qxb4 21. Bxb4 Nd5 22. Bd2 Nxf4 23. Bxf4 h6 24. Rad1 Nf6 25. Rd3 Nd5 26. Bd2 Nf6
27. Ree3 Kh7 28. Ba5 Rd7 29. c4 Rb8 30. b3 a6 31. Re5 Ng8 32. Bc3 Ne7 33. Ra5
Ra8 34. Rf3 Nf5 35. Rd3 Nd6 36. f3 Nb7 37. Re5 Rad8 38. Re4 Nc5 39. Ba5 Nxe4
40. Bxd8 Rxd8 41. fxe4 g6 42. Kf2 Kg7 43. Ke3 h5 44. Kf4 f6 45. h4 e5+ 46. Ke3
exd4+ 47. Rxd4 Rxd4 48. Kxd4 g5 49. hxg5 fxg5 50. Ke5 g4 51. Kf5 Kf7 52. e5 g3
53. e6+ Ke7 54. Kg5 Kxe6 55. Kxh5 Ke5 56. Kg4 Kd4 57. Kxg3 c5 58. Kf4 Kc3 59.
g4 Kb4 60. g5 Ka3 61. g6 Kxa2 62. g7 Kxb3 63. g8=Q a5 64. Qd5 a4 65. Qxc5 a3
66. Qb5+ Kc2 67. c5 a2 68. Qc4+ Kb2 69. Qc2+ Kxc2 70. c6 a1=Q 71. c7 Qc3 0-1

[Event "Tournoi francophone 016 Groupe D"]
[Site "Skype"]
[Date "????.??.??"]
[Round "5.2"]
[White "Scata, Laura"]
[Black "L'Herbon De Lussats, Jean"]
[Result "1-0"]
[WhiteElo "1366"]
[BlackElo "1256"]
[PlyCount "74"]

1. d4 Nf6 2. Nf3 d5 3. e3 Bg4 4. Be2 e6 5. Ne5 Bf5 6. Bd3 c5 7. Bxf5 exf5 8.
Qd3 g6 9. Qb5+ Nbd7 10. Nxd7 Qxd7 11. Qxd7+ Nxd7 12. Nc3 Nf6 13. Nb5 Kd7 14. f3
c4 15. Nc3 Bb4 16. Bd2 a5 17. a3 Bd6 18. Nb5 Be7 19. Kf2 a4 20. Rhe1 Kc6 21.
Nc3 b5 22. e4 fxe4 23. fxe4 Ng4+ 24. Kg3 Nf6 25. exd5+ Nxd5 26. Nxd5 Bd6+ 27.
Nf4 g5 28. Kg4 Bxf4 29. c3 Rhg8 30. Re5 Rg6 31. Rae1 Rag8 32. Rc5+ Kb6 33. Ree5
h6 34. Rxc4 Kb7 35. b4 Ka7 36. Kf3 h5 37. h4 f5 1-0

[Event "Tournoi francophone 016 Groupe D"]
[Site "Skype"]
[Date "????.??.??"]
[Round "5.3"]
[White "De Coninck, Philippe"]
[Black "Duthoit, Bernard"]
[Result "1-0"]
[WhiteElo "1173"]
[BlackElo "1338"]
[PlyCount "117"]

1. d4 d5 2. Bf4 e6 3. e3 c5 4. c3 cxd4 5. exd4 Nf6 6. Nd2 Nc6 7. Ngf3 a6 8. Bd3
b5 9. Rc1 g6 10. a4 bxa4 11. Qxa4 Bd7 12. Qa2 a5 13. O-O Bc8 14. Bb5 Bb7 15.
Ne5 Rc8 16. Qa4 Qb6 17. Nb3 Nh5 18. Be3 Bd6 19. Nxc6 Bxc6 20. Bxc6+ Qxc6 21.
Qxc6+ Rxc6 22. Nxa5 Ra6 23. b4 O-O 24. Nb7 Bf4 25. g4 Bxe3 26. fxe3 Ng7 27. Nc5
Raa8 28. e4 Rfe8 29. e5 h5 30. Nd7 Re7 31. Nf6+ Kf8 32. gxh5 Nxh5 33. Nxh5 gxh5
34. Rf6 Kg7 35. Rc2 Rc7 36. Rg2+ Kf8 37. Rg3 Ra1+ 38. Kg2 Ra2+ 39. Kh3 Ra3 40.
Rff3 Rb3 41. Kh4 Ke7 42. Kxh5 Rc8 43. h4 Rh8+ 44. Kg5 Rg8+ 45. Kf4 Rh8 46. Rh3
Rh5 47. Kg4 Rh7 48. h5 Rg7+ 49. Kf4 f6 50. h6 Rh7 51. Rfg3 fxe5+ 52. Kxe5 Rb1
53. Rg7+ Rxg7 54. hxg7 Re1+ 55. Kf4 Rf1+ 56. Kg5 Rf5+ 57. Kh6 Rf6+ 58. Kh7 Rf7
59. Kh8 1-0

[Event "Tournoi francophone 016 Groupe D"]
[Site "Skype"]
[Date "????.??.??"]
[Round "5.4"]
[White "Farfallini, Michel"]
[Black "Briere, Jean"]
[Result "1/2-1/2"]
[WhiteElo "1446"]
[BlackElo "1314"]
[PlyCount "55"]

1. e4 e5 2. Nf3 Nc6 3. d4 exd4 4. c3 Bc5 5. cxd4 Bb4+ 6. Nc3 d5 7. Qb3 Be6 8.
e5 Nge7 9. Bd3 Rb8 10. O-O Bxc3 11. bxc3 O-O 12. Qc2 g6 13. Bg5 Qd7 14. Bh6
Rfc8 15. Qd2 Nf5 16. Bxf5 Bxf5 17. Qg5 Qd8 18. Qg3 Qe7 19. Nh4 Bd7 20. Bg5 Qe6
21. Nf3 Qg4 22. Rae1 Qxg3 23. fxg3 Re8 24. Nd2 Na5 25. Rf6 Re6 26. Ref1 Rxf6
27. Rxf6 Kg7 28. Nb3 1/2-1/2

[Event "Tournoi francophone 016 Groupe D"]
[Site "Skype"]
[Date "????.??.??"]
[Round "5.5"]
[White "Guillaume, Mickael"]
[Black "Bucherie, Volcy"]
[Result "1-0"]
[WhiteElo "1106"]
[BlackElo "1274"]
[PlyCount "43"]

1. e4 d5 2. exd5 Nf6 3. Nc3 c6 4. dxc6 Nxc6 5. Bb5 a6 6. Bxc6+ bxc6 7. Nf3 Bg4
8. O-O e6 9. d4 c5 10. Qd3 g6 11. Ne4 Bf5 12. Nxf6+ Qxf6 13. Qd1 cxd4 14. Nxd4
Rd8 15. c3 Bg7 16. Qa4+ Rd7 17. Nxf5 exf5 18. Re1+ Kd8 19. Bf4 Re8 20. Qa5+ Kc8
21. Rxe8+ Rd8 22. Qc7# 1-0

[Event "Tournoi francophone 016 Groupe D"]
[Site "Skype"]
[Date "????.??.??"]
[Round "6.1"]
[White "Vasquez Cienfuegos, Oscar"]
[Black "Bucherie, Volcy"]
[Result "0-1"]
[WhiteElo "1392"]
[BlackElo "1274"]
[PlyCount "106"]

1. Nf3 Nf6 2. c4 c5 3. g3 b6 4. Bg2 Nc6 5. d4 Bb7 6. O-O a6 7. Nc3 e6 8. e4 d5
9. cxd5 exd5 10. exd5 Nxd5 11. Re1+ Be7 12. Qe2 O-O 13. Nxd5 Qxd5 14. Nh4 Qxd4
15. Be3 Qe5 16. Rac1 Rab8 17. a3 Nd4 18. Qd1 Bxg2 19. Bxd4 Qg5 20. Be3 Qd5 21.
Nxg2 Qxd1 22. Rcxd1 Rbd8 23. Nf4 Rxd1 24. Rxd1 Rd8 25. Rxd8+ Bxd8 26. Kf1 Kf8
27. Ke2 Ke7 28. Kd3 Kd6 29. Kc4 Bf6 30. b4 b5+ 31. Kd3 c4+ 32. Kc2 Ke5 33. Ne2
Ke4 34. Nc3+ Kf3 35. Nd5 Be5 36. Nc7 Bxc7 37. h4 a5 38. Bd4 f6 39. Kc3 h5 40.
Bc5 Be5+ 41. Kc2 axb4 42. axb4 g5 43. hxg5 fxg5 44. Kd1 h4 45. gxh4 gxh4 46.
Ke1 Kg2 47. Be3 h3 48. f4 Bc3+ 49. Bd2 Bxd2+ 50. Kxd2 h2 51. f5 h1=Q 52. Ke3
Qe1+ 53. Kf4 Qxb4 0-1

[Event "Tournoi francophone 016 Groupe D"]
[Site "Skype"]
[Date "????.??.??"]
[Round "6.2"]
[White "Briere, Jean"]
[Black "Guillaume, Mickael"]
[Result "0-1"]
[WhiteElo "1314"]
[BlackElo "1106"]
[PlyCount "74"]

1. e4 e5 2. Nf3 Nc6 3. Bc4 d6 4. Nc3 Bg4 5. h3 Bh5 6. O-O Nd4 7. g4 Nxf3+ 8.
Qxf3 Bg6 9. Nd5 c6 10. Nf4 Qf6 11. Bxf7+ Bxf7 12. d3 exf4 13. Qxf4 Be7 14. Qxf6
Nxf6 15. f4 O-O 16. f5 h6 17. c4 Nh7 18. Kg2 Bg5 19. Kg3 g6 20. h4 Bxc1 21.
Raxc1 Kg7 22. fxg6 Bxg6 23. b4 b5 24. cxb5 cxb5 25. Rc7+ Kg8 26. Rxf8+ Kxf8 27.
h5 Bf7 28. Rd7 Kg7 29. Rxd6 Bxa2 30. Rg6+ Kf7 31. Rxh6 Rh8 32. Ra6 Bb1 33.
Rxa7+ Ke6 34. Ra3 Ke5 35. Ra5 Bxd3 36. Ra7 Kxe4 37. Rc7 Nf6 0-1